Biblioteca

Huellas del cristianismo en el arte (Registro nro. 45264)

Detalles MARC
000 -LÍDER
Campo fijo de descripción fija 014460000a22003130004500
001 - NÚMERO DE CONTROL
Campo de control 18862
003 - IDENTIFICADOR DEL NÚMERO DE CONTROL
Campo de control CO-MdFUSB
005 - FECHA Y HORA DE LA ULTIMA TRANSACCIÓN
control field 20180622165336.0
008 - ELEMENTOS DE LONGITUD FIJA -- INFORMACIÓN GENERAL
Campo fijo de descripción fija -- Información general 160812b sp||||| |||| 00| 0 spa d
020 ## - NÚMERO INTERNACIONAL NORMALIZADO PARA LIBROS
Número Internacional Normalizado del libro 84-932411-0-5
040 ## - FUENTE DE CATALOGACIÓN
Agencia de catalogación original CO-MdFUSB
Idioma de catalogación Español
Agencia que realiza la transcripción CO-MdFUSB
Agencia que realiza la modificación CO-MdFUSB
Convenciones de la descripción rda
041 0# - CÓDIGO DE IDIOMA
Código de idioma para texto/pista de sonido o título separado spa
082 ## - NÚMERO DE CLASIFICACIÓN DECIMAL DEWEY
Número de la edición del Dewey 24
Número de clasificación G 261.57
Clave de autor-Numero de item O988h
100 1# - ASIENTO PRINCIPAL--NOMBRE PERSONAL
Nombre personal Oyarbide, Miguel Angel
Término relacionador autor
245 10 - TÍTULO
Título del Material Huellas del cristianismo en el arte
Parte restante del título - Subtitulo : la pintura
Mención de responsabilidad, etc. / Miguel Angel Oyarbide
264 #1 - PRODUCCIÓN, PUBLICACIÓN, DISTRIBUCIÓN, MANUFACTURA, Y COPYRIGHT
Lugar de producción, publicación, distribución, manufactura Madrid
Nombre del productor, publicador, distribuidor : Consejo Evangélico de Madríd
-- : Consejería de educación y cultura,
Fecha de producción, publicación, distribución, manufactura, o copyright [2001]
264 #4 - PRODUCCIÓN, PUBLICACIÓN, DISTRIBUCIÓN, MANUFACTURA, Y COPYRIGHT
Fecha de producción, publicación, distribución, manufactura, o copyright ©2001
300 ## - DESCRIPCIÓN FÍSICA
Extensión 224 páginas
Dimensiones : 25 cm.
Otros detalles físicos :
336 ## - TIPO DE CONTENIDO
Fuente rdacontent
Término de tipo de contenido
Código de tipo de contenido
337 ## - TIPO DE MEDIO
Fuente rdamedia
Nombre del tipo de medio
Código del tipo de medio
338 ## - TIPO DE SOPORTE
Fuente rdacarrier
Nombre del tipo de soporte
Código Tipo de soporte
501 ## - NOTA DE “CON”
Nota de Contenido rústico
505 01 - NOTA DE CONTENIDO
Nota de contenido con formato preestablecido Introducción -- El primer arte cristiano -- El cristianismo, religión oficial en un imperio dividido -- La ilustración de códices y manuscritos -- El románico. La Biblia de los pobres -- El gótico y la gloria de la iglesia -- El renacimiento. El despertar del humanismo -- La reforma protestante y el arte -- La contrarreforma: dos barrocos diferentes -- De la frivolidad a la razón: el siglo XVIII -- Arte cristiano y revolución social -- El mensaje evangélico en la pintura del siglo XX.
563 ## - NOTA DE ENCUADERNACIÓN
Nota de encuadernación Pasta dura.
653 ## - TÉRMINO DE INDIZACIÓN - NO CONTROLADO
Término no controlado Arte cristiano -- historia
653 ## - TÉRMINO DE INDIZACIÓN - NO CONTROLADO
Término no controlado Arte y religión
653 ## - TÉRMINO DE INDIZACIÓN - NO CONTROLADO
Término no controlado Historia del arte -- Cristianismo
942 ## - TIPO DE MATERIAL (KOHA)
Tipo de Item KOHA Libros General
Existencias
Estado de Material Estado de Perdido Forma de Clasificación Estado de Dañado No para Préstamo Colección Tomo Biblioteca de Origen Biblioteca Permanente Fecha de Adquisición Total de Préstamos Total de Renovaciones Signatura Topográfica Código de Barras Última vez visto Última vez Préstado Ejemplar/Existencia Fecha de Remplazo Tipo de Material
    Dewey Decimal Classification     Colección General   Biblioteca FUSBC Biblioteca FUSBC 21/11/2014 3 2 G 246 OY98h 18862 02/05/2022 22/03/2022 Ej. 1 26/01/2016 Libros General

Biblioteca FUSBC | Teléfono: (57+4) 349 88 10 Ext. 141| WhatsApp (+57) 3005338115 
E-mail: biblioteca@unisbc.edu.co | Calle 76 87-14 Robledo Palenque, Medellín, Colombia

Con tecnología Koha